Poznanie Boha

Bibliographic Details
Main Author: Pink, Arthur W. 1886-1952 (Author)
Other Authors: Sirácky, Ján, 1925-1998 (Translator)
Format: Book
Language:Slovak
Undetermined
PhysicalDescription:74, [5] s. 8°
Published: [Bratislava] Kresťanská služba tlačová 1947
Edition:1. vyd.
Subjects:

MARC

LEADER 00000cam a2200000 a 4500
001 vtls008390634
003 SK-MaSNL
005 20260301165050.0
008 250312s1947 xo 000 0 slo
015 |a SNBA19451955-009132 
035 |a SK01SNKBKSFS20010082851 
035 |a urn:nbn:sk:snk-am3hm0g 
035 |a 7C416FCF-B9A0-4883-83FD-FDE8D798AB17 
035 |a urn:nbn:sk:snk-am00d53d 
035 |a SKM000085314 
040 |a SNK  |b slo  |c SNK  |e AACR2 
041 1 |a slo  |h und 
044 |a xo  |c SK 
080 |a 231  |2 1981 
100 1 |a Pink, Arthur W.  |d 1886-1952  |4 aut  |9 530343 
245 1 0 |a Poznanie Boha  |c Arthur W. Pink ; (prel. Ján Siracký) 
250 |a 1. vyd. 
260 |a [Bratislava]  |b Kresťanská služba tlačová  |c 1947  |e Bratislava  |f Gutenberg 
300 |a 74, [5] s.  |c 8° 
505 0 |a Vysvetlivky 
650 0 7 |a Boh  |2 SNKPH  |9 2070 
650 0 7 |a poznanie  |2 SNKPH  |9 975 
655 7 |a monografie  |2 SNKPH  |9 70139 
700 1 |a Sirácky, Ján,  |d 1925-1998  |4 trl  |9 191170 
852 |a Slovenská národná knižnica 
958 |a RK 
958 |a TL 
958 |a OP 
958 |a NT 
958 |a OND 
999 |c 822880  |d 824810 
952 |a SNK  |b SNK  |y PREZ  |7 0  |p 17A0721223  |o snkSC 3659  |i snk1836/47  |0 0  |1 0  |4 0  |d 2018-10-02  |f 1  |l 0  |r 2025-06-25 00:00:00  |w 2026-02-24 
952 |a SNK  |b SNK  |y VYP  |7 0  |p 17A1190843  |o snkSC 3659 D1  |i snkKSF 92/56  |8 5  |0 0  |1 0  |4 0  |d 2018-11-14  |l 0  |r 2026-02-24 03:12:16  |w 2026-02-24